Catalog

Record Details

Catalog Search



Simulated Evolution and Learning 9th International Conference, SEAL 2012, Hanoi, Vietnam, December 16-19, 2012. Proceedings  Cover Image E-book E-book

Simulated Evolution and Learning [electronic resource] : 9th International Conference, SEAL 2012, Hanoi, Vietnam, December 16-19, 2012. Proceedings / edited by Lam Thu Bui, Yew Soon Ong, Nguyen Xuan Hoai, Hisao Ishibuchi, Ponnuthurai Nagaratnam Suganthan.

Electronic resources


LDR 02175nam a22005175i 4500
00133736
003CONS
00520130727071512.0
007cr nn 008mamaa
008121205s2012 gw | s |||| 0|eng d
020 . ‡a9783642348594 ‡9978-3-642-34859-4
0247 . ‡a10.1007/978-3-642-34859-4 ‡2doi
035 . ‡a(DE-He213)978-3-642-34859-4
050 4. ‡aQA75.5-76.95
072 7. ‡aUYZG ‡2bicssc
072 7. ‡aCOM037000 ‡2bisacsh
1001 . ‡aBui, Lam Thu. ‡eeditor.
24510. ‡aSimulated Evolution and Learning ‡h[electronic resource] : ‡b9th International Conference, SEAL 2012, Hanoi, Vietnam, December 16-19, 2012. Proceedings / ‡cedited by Lam Thu Bui, Yew Soon Ong, Nguyen Xuan Hoai, Hisao Ishibuchi, Ponnuthurai Nagaratnam Suganthan.
264 1. ‡aBerlin, Heidelberg : ‡bSpringer Berlin Heidelberg : ‡bImprint: Springer, ‡c2012.
300 . ‡aXIV, 512 p. 193 illus. ‡bonline resource.
336 . ‡atext ‡btxt ‡2rdacontent
337 . ‡acomputer ‡bc ‡2rdamedia
338 . ‡aonline resource ‡bcr ‡2rdacarrier
347 . ‡atext file ‡bPDF ‡2rda
4901 . ‡aLecture Notes in Computer Science, ‡x0302-9743 ; ‡v7673
650 0. ‡aComputer science.
650 0. ‡aComputational complexity.
650 0. ‡aData mining.
650 0. ‡aArtificial intelligence.
650 0. ‡aComputer simulation.
65014. ‡aComputer Science.
65024. ‡aComputation by Abstract Devices.
65024. ‡aArtificial Intelligence (incl. Robotics).
65024. ‡aData Mining and Knowledge Discovery.
65024. ‡aSimulation and Modeling.
65024. ‡aDiscrete Mathematics in Computer Science.
65024. ‡aInformation Systems Applications (incl. Internet).
7001 . ‡aOng, Yew Soon. ‡eeditor.
7001 . ‡aHoai, Nguyen Xuan. ‡eeditor.
7001 . ‡aIshibuchi, Hisao. ‡eeditor.
7001 . ‡aSuganthan, Ponnuthurai Nagaratnam. ‡eeditor.
7102 . ‡aSpringerLink (Online service)
7730 . ‡tSpringer eBooks
77608. ‡iPrinted edition: ‡z9783642348587
830 0. ‡aLecture Notes in Computer Science, ‡x0302-9743 ; ‡v7673
85640. ‡uhttp://biblioteca.ipicyt.edu.mx:2048/login?url=http://dx.doi.org/10.1007/978-3-642-34859-4 ‡yTexto completo ‡9CONS
950 . ‡aComputer Science (Springer-11645)
901 . ‡a33736 ‡b ‡c33736 ‡tbiblio ‡sSystem Local

Additional Resources